Meilleurs joueurs du 21ème siècle - Statistiques

Statistiques générales
  • Ce quiz a été pris 1 017 fois
  • Le résultat moyen est 19 sur 30
Statistiques - réponses
Rang Pays Joueur % Correct
1 Portugal Cristiano Ronaldo
100%
2 Argentine Messi
99%
3 Brésil Ronaldo
99%
4 France Zidane
95%
6 Brésil Ronaldinho
86%
5 Espagne Iniesta
83%
8 Espagne Xavi
82%
7 France Henry
77%
25 Côte d'Ivoire Drogba
76%
16 Cameroun Eto'o
72%
13 Espagne Ramos
69%
27 Suède Ibrahimovic
68%
12 Italie Maldini
66%
14 Italie Buffon
64%
15 Portugal Figo
59%
9 Brésil Kaka
57%
11 Espagne Casillas
55%
10 Italie Cannavaro
53%
23 Angleterre Rooney
53%
17 Italie Pirlo
52%
20 Angleterre Gerrard
50%
28 Ukraine Shevchenko
48%
29 Espagne Puyol
46%
30 Brésil Rivaldo
45%
18 Angleterre Beckham
43%
21 Italie Del Piero
39%
24 Italie Nesta
38%
19 Espagne Raul
36%
22 Brésil Carlos
35%
26 Pays-Bas Seedorf
17%
Aucun quiz correspondant
Distribution des résultats
% des personnes avec chaque résultat
Percentile par nombre de réponses
Votre historique - résultats
Vous n’avez pas pris ce quiz